000 00467nam a2200193Ia 4500
003 OSt
005 20140319135033.0
008 140130s9999 xx 000 0 und d
050 _aPZ 7
_b.W6225No 2004
100 _aWhybrow, Ian
245 _cIan Whybrow.
_aThe noisy way to bed /
260 _bScholastic,
_c2004.
_aNew York :
300 _a30 p. :
_bcol. ill. ;
_c22 cm.
440 _v1
521 _aG2
526 _c440
942 _cBK
_2lcc
999 _c40358
_d40358